000 01291nam a2200313 a 4500
001 BRCA_3425
005 20190320204257.0
041 _aeng
044 _anyu
084 _a714
_b.H35
_c1941
100 1 _aCervantes Saavedra, Miguel de
_d1547-1616
_9213
245 1 0 _aDon Quixote de la Mancha
_cAdapted from the Motteux Translation of the Text of Miguel de Cervantes by Leighton Barret.
260 _aNueva York
_bHalcyon House
_c1941
300 _a1 v. en 2 partes (307 p.)
_bil.
_c24 cm.
500 _aContenido : Texto abreviado
500 _aEdición : Illustrated with Drawings by Warren Chapell
500 _aEdición compendiada por Leighton Barred basada en la traducción de Motteux. Ilustrada por Warren Chapell. Muy bien impresa y no mal ilustrada. Tela Lúdovik Osterc
500 _aQM1390
546 _aTexto en : inglés
650 1 4 _aNovela española
_yÉpoca clásica, 1500-1700
_9215
650 1 4 _aLiteratura española
_yÉpoca clásica, 1500-1700
_9216
650 1 4 _aNovela española
_ySiglo XVII
_9217
650 1 4 _aDon Quijote (Personaje ficticio)
_eNovela
_9218
700 1 _aBarret, Leighton
_eEditor
_98979
700 1 _aChapell, Warren
_d1904-1991
_eIlustrador
_98980
740 0 _aEl Ingenioso Hidalgo Don Quijote de la Mancha
902 _aQFM
942 _2lcc
_cB
999 _c3161
_d3161